| 000 | 00381nam a2200157Ia 4500 | ||
|---|---|---|---|
| 008 | 200103s9999||||xx |||||||||||||| ||und|| | ||
| 020 | _a9780070660205 | ||
| 040 | _aIMU-MPC | ||
| 082 | _aColumn-8 | ||
| 100 | _aAswathappa, K. | ||
| 245 | 0 | _aHuman Resource Management | |
| 250 | _a5th ed. | ||
| 260 |
_bMcGraw-Hill Book Company, Inc. _c2008 |
||
| 300 | _axxiii, 723 | ||
| 942 | _cBK | ||
| 999 |
_c3982 _d3982 |
||